|
|
|
|
| LEADER |
01502nam a2200265 a 4500 |
| 001 |
GR-Patra23421 |
| 008 |
071120s1987 gr g 000 0 gre d |
| 040 |
|
|
|a GrPaTEI
|b gre
|c GR-PaULI
|
| 040 |
|
|
|a GrPaTEI
|b gre
|c GR-PaULI
|
| 082 |
|
0 |
|a 305.5
|2 22
|
| 100 |
1 |
|
|a Πετμεζίδου - Τσουλουβή, Μαρία
|
| 245 |
1 |
0 |
|a Κοινωνικές τάξεις και μηχανισμοί κοινωνικής αναπαραγωγής /
|c Μαρία Πετμεζίδου-Τσουλουβή.
|
| 260 |
|
|
|a [χ.τ.] :
|b Έξαντας,
|c 1987
|
| 300 |
|
|
|a 364 σ.
|
| 504 |
|
|
|a Βιβλιογραφία: σ. 347-364
|
| 650 |
|
4 |
|a Κοινωνικές τάξεις
|z Ελλάς
|
| 650 |
|
4 |
|a Κοινωνιολογία
|
| 651 |
|
4 |
|a Ελλάδα
|x Κοινωνικές συνθήκες
|
| 710 |
0 |
|
|a Εξάντας
|
| 942 |
|
|
|2 ddc
|
| 952 |
|
|
|0 0
|1 0
|2 ddc
|4 0
|6 305_500000000000000_ΠΕΤ
|7 0
|9 303336
|a LISK
|b LISK
|c BSC
|d 2021-01-17
|e 24
|f 0
|g 0.00
|l 0
|o 305.5 ΠΕΤ
|p 92410033143
|r 2021-01-17 00:00:00
|t 1
|w 2021-01-17
|y BK15
|x 20071120 0 1
|x GrPaTEI
|
| 952 |
|
|
|0 0
|1 0
|2 ddc
|4 0
|6 305_500000000000000_ΠΕΤ
|7 0
|9 303337
|a LISK
|b LISK
|c BSC
|d 2021-01-17
|e 24
|f 0
|g 0.00
|l 0
|o 305.5 ΠΕΤ
|p 92410033144
|r 2021-01-17 00:00:00
|t 1
|w 2021-01-17
|y BK15
|x 20071120 0 1
|x GrPaTEI
|
| 952 |
|
|
|0 0
|1 0
|2 ddc
|4 0
|6 305_500000000000000_ΠΕΤ
|7 1
|9 303338
|a LISK
|b LISK
|c BSC
|d 2021-01-17
|e 24
|f 0
|g 0.00
|l 0
|o 305.5 ΠΕΤ
|p 92410033145
|r 2021-01-17 00:00:00
|t 1
|w 2021-01-17
|y BKN
|x 20071120 0 0
|x GrPaTEI
|
| 971 |
|
|
|a .b26709934
|b 08-10-20
|c 26-09-16
|
| 999 |
|
|
|c 176119
|d 176119
|